|
000
|
00844nam0 2200277 450
|
|
001
|
3176
|
|
005
|
20260428110306.42
|
|
010
|
|
@a978-7-121-09006-6@dCNY43.00
|
|
100
|
|
@a20091027d2009 em y0chiy0110 ea
|
|
101
|
0
|
@achi
|
|
102
|
|
@aCN@b110000
|
|
105
|
|
@ay z 000yy
|
|
106
|
|
@ar
|
|
200
|
1
|
@aSolidWorks初学者实战教程@ASolidWorks Chu Xue Zhe Shi Zhan Jiao Cheng@f郑阿奇主编@g刘启芬, 顾韵华编著
|
|
205
|
|
@a3版
|
|
210
|
|
@a北京@c电子工业出版社@d2009
|
|
215
|
|
@a11,480页@d26cm
|
|
300
|
|
@a普通高等教育“十一五”国家级规划教材 高等学校计算机教材
|
|
606
|
0
|
@a关系数据库@x数据库管理系统@x高等教育@j教材
|
|
610
|
0
|
@aSQL
|
|
690
|
|
@aTP311.1@v4
|
|
701
|
0
|
@a郑阿奇@AZheng A Qi@4主编
|
|
702
|
0
|
@a刘启芬@Aliu qi fen@4编著
|
|
702
|
0
|
@a顾韵华@Agu yun hua@4编著
|
|
801
|
0
|
@aCN@bSG08@c20090907
|
|
905
|
|
@dTP311.1@e136@f5
|
|
|
|
|
| |
| SolidWorks初学者实战教程/郑阿奇主编/刘启芬, 顾韵华编著.-3版.-北京:电子工业出版社,2009 |
| 11,480页;26cm |
| 普通高等教育“十一五”国家级规划教材 高等学校计算机教材 |
| |
| ISBN 978-7-121-09006-6:CNY43.00 |
| |
| ● |
正题名:SolidWorks初学者实战教程
索取号:TP311.1/136
 
预约/预借
| 序号
|
登录号
|
条形码
|
馆藏地/架位号
|
状态
|
备注
|
|
1
|
306539
|
300306539
|
海科密-1楼/海科密-1楼38架1列3层/
[索取号:TP311.1/136]
|
在馆
|
|
|
2
|
306540
|
300306540
|
海科密-1楼/海科密-1楼38架1列3层/
[索取号:TP311.1/136]
|
在馆
|
|
|
3
|
306541
|
300306541
|
海科密-1楼/海科密-1楼38架1列3层/
[索取号:TP311.1/136]
|
在馆
|
|
|
4
|
306542
|
300306542
|
海科密-1楼/海科密-1楼38架1列3层/
[索取号:TP311.1/136]
|
在馆
|
|
|
5
|
306543
|
300306543
|
海科密-1楼/海科密-1楼38架1列3层/
[索取号:TP311.1/136]
|
在馆
|
|